000
00303nam a2200121Ia 4500
005
20251222153540.0
008
251222s9999||||xx |||||||||||||| ||spa||
082
_a
920/G71
100
_a
González Franco, Pablo
245
0
_a
Cortó la Roca:
264
_b
Universidad Marcelino Champagnat
942
_c
LIB
999
_c
30412
_d
30412